=LDR 00000nam 2200000 4500 =001 INLIS000000000028095 =005 20130612130425 =008 ***********************************ind** =035 ##$$0010-061300000028095 =041 ##$$a ind =082 ##$$a 2x3.55 =090 ##$$a 2x3.55, MUB m =100 ##$$a Mubin, Nurul =245 ##$$a Menyingkap misteri energi Dosa, Memahami pengaruh energi negatif dosa terhadap mutu kehidupan anda, Nurul Mubin =260 ##$$a 2007 $b Yogyakarta =300 ##$$a 252 hlm., 23 cm =650 ##$$a Dosa =850 ##$$a NBPNMAT